[Event "SG Ahaus-Wessum 1 - SC Klein-Berlin Rhe"]
[Site "Regionalliga Münsterland 2018"]
[Date "2019.03.02"]
[Round "7.1"]
[White "Bruemmer, Frank"]
[Black "Schulze Ameling, Hendrik"]
[Result "1-0"]
[WhiteElo "2160"]
[BlackElo "1983"]
[PlyCount "106"]
[EventDate "2019.??.??"]
[SourceDate "2018.09.09"]

1. d4 e6 2. Nf3 f5 3. g3 Nf6 4. Bg2 d5 5. O-O Be7 6. c4 c6 7. Nbd2 Ne4 8. Qc2
Nd7 9. Rb1 a5 10. a3 a4 11. Ne1 Ndf6 12. Ndf3 O-O 13. Nd3 Bd7 14. Nfe5 Be8 15.
c5 Nd7 16. f3 Nxe5 17. Nxe5 Nf6 18. b3 b5 19. b4 Rc8 20. Bb2 Nd7 21. Nd3 g5 22.
e4 Bg6 23. exd5 exd5 24. f4 Nf6 25. fxg5 Ng4 26. h4 Ne3 27. Qe2 Nxf1 28. Rxf1
Qd7 29. Bh3 Rce8 30. Ne5 Qe6 31. Bc1 Bd8 32. h5 Bc7 33. hxg6 Bxe5 34. gxh7+
Kxh7 35. dxe5 Qxe5 36. Qxe5 Rxe5 37. Bf4 Re2 38. Bd6 Rfe8 39. Bxf5+ Kg7 40. Bd7
R8e3 41. Bxc6 Rxa3 42. Bxd5 Rd3 43. Bb7 Rdd2 44. Bf4 Rc2 45. Bf3 Re7 46. c6 a3
47. c7 a2 48. Bg4 Rb2 49. c8=Q Rb1 50. Qc3+ Kg8 51. Qc8+ Kg7 52. Qc3+ Kg8 53.
Bf5 Re2 1-0

[Event "SG Ahaus-Wessum 1 - SC Klein-Berlin Rhe"]
[Site "Regionalliga Münsterland 2018"]
[Date "2019.03.02"]
[Round "7.2"]
[White "Rosing, Hermann"]
[Black "Henneberger, Sven"]
[Result "1/2-1/2"]
[WhiteElo "1991"]
[BlackElo "2049"]
[PlyCount "57"]
[EventDate "2019.??.??"]
[SourceDate "2018.09.09"]

1. e4 e6 2. d4 d5 3. exd5 exd5 4. c4 Nf6 5. Nc3 Nc6 6. Be3 Bb4 7. Bd3 O-O 8.
Nge2 dxc4 9. Bxc4 Nd5 10. Bxd5 Qxd5 11. O-O Bxc3 12. Nxc3 Qf5 13. Qb3 a6 14.
Rac1 Ne7 15. d5 Rd8 16. Rfd1 b5 17. Bc5 Ng6 18. Qb4 Nf4 19. Be3 Nxd5 20. Qe7
Be6 21. Nxd5 Rxd5 22. Qxc7 h6 23. a3 Rc8 24. Qg3 Rxc1 25. Rxc1 Qc2 26. h3 Rd1+
27. Rxd1 Qxd1+ 28. Kh2 Kh7 29. Qf4 1/2-1/2

[Event "SG Ahaus-Wessum 1 - SC Klein-Berlin Rhe"]
[Site "Regionalliga Münsterland 2018"]
[Date "2019.03.02"]
[Round "7.3"]
[White "Ottens, Stephan"]
[Black "Diehlmann, Christian"]
[Result "1/2-1/2"]
[WhiteElo "2064"]
[BlackElo "1929"]
[PlyCount "98"]
[EventDate "2019.??.??"]
[SourceDate "2018.09.09"]

1. e4 c6 2. d4 d5 3. Nc3 dxe4 4. Nxe4 Nf6 5. Nxf6+ exf6 6. c3 Be6 7. Bd3 Bd6 8.
Ne2 Qc7 9. Be3 Nd7 10. Qd2 O-O 11. Bf4 Rfe8 12. O-O Rad8 13. Bxd6 Qxd6 14. Qf4
Qxf4 15. Nxf4 Nb6 16. Rfe1 Bc4 17. Bxc4 Nxc4 18. Nd3 Kf8 19. b3 Nd6 20. Kf1 Ne4
21. Rac1 g6 22. f3 Nd6 23. a4 Nf5 24. Kf2 b6 25. Rxe8+ Kxe8 26. Re1+ Kf8 27.
Ke2 h5 28. g3 g5 29. Nf2 Kg7 30. Ne4 Kg6 31. Rf1 h4 32. g4 Nh6 33. Rg1 Rd5 34.
Rd1 f5 35. c4 Rd8 36. gxf5+ Kxf5 37. Ke3 Kg6 38. d5 cxd5 39. Rxd5 Rxd5 40. cxd5
f5 41. Nd6 Kf6 42. Nc8 Ke5 43. d6 Ke6 44. h3 g4 45. fxg4 fxg4 46. hxg4 Nxg4+
47. Kf4 Nf6 48. Nxa7 Nd5+ 49. Kg4 Kxd6 1/2-1/2

[Event "SG Ahaus-Wessum 1 - SC Klein-Berlin Rhe"]
[Site "Regionalliga Münsterland 2018"]
[Date "2019.03.02"]
[Round "7.4"]
[White "Winking, Hendrik"]
[Black "Langhans, Joerg"]
[Result "1/2-1/2"]
[WhiteElo "1927"]
[BlackElo "1955"]
[PlyCount "95"]
[EventDate "2019.??.??"]
[SourceDate "2018.09.09"]

1. d4 d5 2. c4 e6 3. Nf3 Nf6 4. Nc3 Be7 5. Bg5 O-O 6. e3 h6 7. Bh4 b6 8. cxd5
exd5 9. Bd3 Be6 10. Ne5 Nfd7 11. Bxe7 Qxe7 12. Nf3 c5 13. O-O Nc6 14. Bb5 Rfc8
15. dxc5 Qxc5 16. Ba6 Re8 17. Rc1 Nb4 18. Be2 a5 19. Nb5 Qe7 20. Nc7 Nxa2 21.
Ra1 Nb4 22. Nxa8 Rxa8 23. Nd4 Nc5 24. Ra3 Bd7 25. Bb5 Rd8 26. Qe2 Qe8 27. Rd1
Bxb5 28. Qxb5 Qxb5 29. Nxb5 Rd7 30. Nd4 g6 31. Rc3 Na2 32. Ra3 Nb4 33. f3 f5
34. Kf2 Kf7 35. Ke2 Re7 36. Kd2 Rd7 37. Nc2 Nc6 38. Nd4 Nb4 39. Rb1 Rc7 40. Rc1
a4 41. Rxa4 Nbd3 42. Rc3 Nxb2 43. Rb4 Nc4+ 44. Ke2 Ra7 45. Kf2 Ra2+ 46. Kg3 Rd2
47. h4 Nd3 48. Rbxc4 1/2-1/2

[Event "SG Ahaus-Wessum 1 - SC Klein-Berlin Rhe"]
[Site "Regionalliga Münsterland 2018"]
[Date "2019.03.02"]
[Round "7.5"]
[White "Langhanke, Guenther"]
[Black "Woltering, Martin"]
[Result "1-0"]
[WhiteElo "1932"]
[BlackElo "1818"]
[PlyCount "59"]
[EventDate "2019.??.??"]
[SourceDate "2018.09.09"]

1. e4 e6 2. d4 d5 3. Nd2 Nf6 4. e5 Nfd7 5. Bd3 c5 6. c3 Nc6 7. Ne2 cxd4 8. cxd4
f6 9. exf6 Nxf6 10. Nf3 Bd6 11. O-O O-O 12. Bf4 Bxf4 13. Nxf4 Qd6 14. Ne2 e5
15. dxe5 Nxe5 16. Nxe5 Qxe5 17. Qc2 Bd7 18. Qc3 Qg5 19. Qd4 Bc6 20. Ng3 Rae8
21. Rae1 a6 22. Bf5 h5 23. h4 Qh6 24. Re6 Rxe6 25. Bxe6+ Kh8 26. Nf5 Qg6 27.
Ne7 Qe8 28. Qc5 Ne4 29. Ng6+ Qxg6 30. Qxf8+ 1-0

[Event "SG Ahaus-Wessum 1 - SC Klein-Berlin Rhe"]
[Site "Regionalliga Münsterland 2018"]
[Date "2019.03.02"]
[Round "7.6"]
[White "Terdues, Guido"]
[Black "Bruemmer, Andreas"]
[Result "0-1"]
[WhiteElo "1754"]
[BlackElo "1906"]
[PlyCount "28"]
[EventDate "2019.??.??"]
[SourceDate "2018.09.09"]

1. f4 Nf6 2. Nf3 g6 3. e3 Bg7 4. b3 O-O 5. Bb2 c5 6. Be2 Nc6 7. O-O b6 8. c4
Bb7 9. Nc3 e6 10. Qe1 d5 11. cxd5 exd5 12. Nd1 d4 13. Nf2 Nd5 14. Nh3 d3 0-1

[Event "SG Ahaus-Wessum 1 - SC Klein-Berlin Rhe"]
[Site "Regionalliga Münsterland 2018"]
[Date "2019.03.02"]
[Round "7.7"]
[White "Hemmert, Michael"]
[Black "Mast, Holger"]
[Result "1-0"]
[WhiteElo "1787"]
[BlackElo "1716"]
[PlyCount "93"]
[EventDate "2019.??.??"]
[SourceDate "2018.09.09"]

1. d4 d5 2. Bf4 Nc6 3. e3 Nf6 4. c4 dxc4 5. Bxc4 e5 6. dxe5 Qxd1+ 7. Kxd1 Ng4
8. Ke2 Ngxe5 9. Bb5 Bg4+ 10. f3 Bd7 11. Bxc6 Nxc6 12. Nc3 Rc8 13. Rc1 Bb4 14.
Nh3 O-O 15. Rhd1 Be6 16. a3 Bxc3 17. Rxc3 Rfe8 18. Ng5 h6 19. Nxe6 fxe6 20. e4
e5 21. Be3 Rcd8 22. Rxd8 Rxd8 23. b4 a6 24. Rc5 Rd7 25. h4 Kf7 26. h5 Ke6 27.
g4 Nd8 28. g5 Nf7 29. gxh6 Nxh6 30. Rc1 Kf6 31. Rg1 Ng8 32. Rg6+ Kf7 33. Rg5
Ke6 34. Bf2 Re7 35. Bh4 c6 36. Rg6+ Nf6 37. h6 Kd7 38. hxg7 Ng8 39. Bxe7 Kxe7
40. Rg5 Kf6 41. Rf5+ Kxg7 42. Rxe5 Kf7 43. f4 Ne7 44. Rxe7+ Kxe7 45. Ke3 Ke6
46. Kd4 Kf6 47. Kc5 1-0

[Event "SC Rochade Emsdetten 1 - SK Münster 3"]
[Site "Regionalliga Münsterland 2018"]
[Date "2019.03.02"]
[Round "7.1"]
[White "Borrink, Joern"]
[Black "Kabatianski, Alexander"]
[Result "1/2-1/2"]
[WhiteElo "2119"]
[BlackElo "2328"]
[PlyCount "136"]
[EventDate "2019.??.??"]
[SourceDate "2018.09.09"]

1. d4 Nf6 2. c4 e6 3. Nf3 Bb4+ 4. Bd2 a5 5. g3 b6 6. Bg2 Bb7 7. O-O O-O 8. Bg5
Be7 9. Nc3 h6 10. Bxf6 Bxf6 11. e4 d6 12. Rc1 Nd7 13. Re1 g6 14. Rc2 Bg7 15.
Nb5 Qb8 16. e5 a4 17. exd6 cxd6 18. Qd2 Rd8 19. Re3 Ra5 20. Qb4 Bf8 21. Na3 d5
22. Qd2 Ra8 23. Ne1 Nf6 24. c5 bxc5 25. dxc5 Bc6 26. Nd3 Nd7 27. Bh3 Qb7 28.
Ne5 Nxe5 29. Rxe5 Bg7 30. Re1 e5 31. Rb1 Rab8 32. b4 axb3 33. Rxb3 Qa7 34. Qc1
Rxb3 35. axb3 Rb8 36. Bg2 Rxb3 37. Nc4 e4 38. Nd6 Qb8 39. Qf4 Rb1+ 40. Rc1
Rxc1+ 41. Qxc1 Bd4 42. h4 Qa7 43. Nc8 Qxc5 44. Ne7+ Qxe7 45. Qxc6 Qe5 46. Qc8+
Kg7 47. Qg4 h5 48. Qd1 Ba7 49. Qe1 Qb2 50. Bf1 f5 51. Bg2 Bb6 52. Bf1 Kf6 53.
Qe2 Qd4 54. Bg2 Bc7 55. Qa6+ Kg7 56. Qe6 Qc5 57. Qd7+ Kf6 58. Qe8 Bxg3 59. Qh8+
Ke7 60. Qg7+ Kd8 61. Qh8+ Kc7 62. Qg7+ Kb8 63. Qb2+ Ka7 64. Qa2+ Kb6 65. Qb3+
Ka5 66. Qxg3 d4 67. Qg5 Kb4 68. Bf1 Kb3 1/2-1/2

[Event "SC Rochade Emsdetten 1 - SK Münster 3"]
[Site "Regionalliga Münsterland 2018"]
[Date "2019.03.02"]
[Round "7.2"]
[White "De Groote, Ewoud"]
[Black "Virnyi, Julius"]
[Result "1-0"]
[WhiteElo "2212"]
[BlackElo "2039"]
[PlyCount "47"]
[EventDate "2019.??.??"]
[SourceDate "2018.09.09"]

1. e4 c5 2. Nc3 Nc6 3. Nf3 d6 4. d4 cxd4 5. Nxd4 Nf6 6. Bc4 Qb6 7. Nb3 e6 8.
Qe2 a6 9. f4 Qc7 10. g4 b5 11. Bd3 Bb7 12. g5 Nd7 13. a4 b4 14. Nd1 Be7 15. Nf2
d5 16. exd5 exd5 17. Be3 O-O 18. O-O-O Rfe8 19. Rdf1 g6 20. Kb1 Bf8 21. Qd2 Bg7
22. Ng4 Na5 23. Nh6+ Kf8 24. Qxb4+ 1-0

[Event "SC Rochade Emsdetten 1 - SK Münster 3"]
[Site "Regionalliga Münsterland 2018"]
[Date "2019.03.02"]
[Round "7.3"]
[White "Kubo, Thomas"]
[Black "Lehmann, Holger"]
[Result "0-1"]
[WhiteElo "1983"]
[BlackElo "2139"]
[PlyCount "74"]
[EventDate "2019.??.??"]
[SourceDate "2018.09.09"]

1. Nf3 g6 2. g3 Bg7 3. Bg2 e5 4. c4 Nc6 5. Nc3 d6 6. d3 h6 7. Rb1 a5 8. a3 Be6
9. Bd2 Qd7 10. b4 axb4 11. axb4 Nge7 12. O-O O-O 13. Qc2 Bg4 14. e3 Bh3 15. b5
Nd8 16. Nd5 Bxg2 17. Kxg2 Ne6 18. e4 f5 19. Nxe7+ Qxe7 20. Bc3 fxe4 21. dxe4 b6
22. Nd2 h5 23. f3 h4 24. Rfe1 Bh6 25. Nf1 Qf7 26. Qe2 Ra3 27. Bd2 Rxf3 28. Bxh6
Rf2+ 29. Kg1 Rxe2 30. Rxe2 Nd4 31. Reb2 Qf3 32. Bxf8 Kxf8 33. Re1 Qc3 34. Reb1
h3 35. Nd2 Qe3+ 36. Kh1 Kg7 37. Rf1 Qe2 0-1

[Event "SC Rochade Emsdetten 1 - SK Münster 3"]
[Site "Regionalliga Münsterland 2018"]
[Date "2019.03.02"]
[Round "7.4"]
[White "Ortmeier, Leonhard"]
[Black "Austrup, David"]
[Result "1-0"]
[WhiteElo "2107"]
[BlackElo "1952"]
[PlyCount "73"]
[EventDate "2019.??.??"]
[SourceDate "2018.09.09"]

1. e4 c5 2. Nf3 d6 3. Bb5+ Bd7 4. Bxd7+ Qxd7 5. c4 Nf6 6. Nc3 g6 7. d4 cxd4 8.
Nxd4 Bg7 9. f3 O-O 10. Be3 Nc6 11. O-O a6 12. a4 e6 13. b3 Qc7 14. Rc1 Nd7 15.
Rf2 Nc5 16. Rd2 Na5 17. Rb1 Rac8 18. Bf2 Bxd4 19. Rxd4 Ncxb3 20. Rxb3 Nxb3 21.
Qxb3 Kg7 22. Qb4 Rfd8 23. Bh4 Rd7 24. Bg3 e5 25. Nd5 Qc5 26. Qxc5 Rxc5 27. Rd1
b5 28. cxb5 axb5 29. Bf2 Rc2 30. axb5 Rb2 31. b6 Rd8 32. Nc7 h6 33. h3 Kf8 34.
Ra1 Rb3 35. Ra7 Rb1+ 36. Kh2 Rb2 37. Na6 1-0

[Event "SC Rochade Emsdetten 1 - SK Münster 3"]
[Site "Regionalliga Münsterland 2018"]
[Date "2019.03.02"]
[Round "7.5"]
[White "Kamp, Aaron"]
[Black "Mueller, Achim"]
[Result "1-0"]
[WhiteElo "1794"]
[BlackElo "2049"]
[PlyCount "63"]
[EventDate "2019.??.??"]
[SourceDate "2018.09.09"]

1. e4 c5 2. d4 cxd4 3. c3 dxc3 4. Nxc3 Nc6 5. Nf3 e6 6. Bc4 a6 7. O-O b5 8. Bb3
Bb7 9. Qe2 Nge7 10. Bg5 h6 11. Be3 Ng6 12. Rfd1 Be7 13. Rac1 O-O 14. Nd4 Nxd4
15. Bxd4 Bc6 16. Qg4 Bg5 17. Rc2 a5 18. a4 b4 19. Ne2 Qb8 20. h4 Nxh4 21. f4 f5
22. Qg3 Bxe4 23. Be5 Qb6+ 24. Kh2 Bxc2 25. Bxc2 Bf6 26. Rxd7 Bxe5 27. fxe5 Rf7
28. Rxf7 Kxf7 29. Qxh4 Qe3 30. Nf4 Rc8 31. Bd1 Rc1 32. Bh5+ 1-0

[Event "SC Rochade Emsdetten 1 - SK Münster 3"]
[Site "Regionalliga Münsterland 2018"]
[Date "2019.03.02"]
[Round "7.7"]
[White "Toval, David"]
[Black "Lemli, Thomas"]
[Result "1/2-1/2"]
[WhiteElo "1840"]
[BlackElo "1979"]
[PlyCount "57"]
[EventDate "2019.??.??"]
[SourceDate "2018.09.09"]

1. e4 e6 2. d4 d5 3. Nd2 dxe4 4. Nxe4 Nd7 5. Nf3 Ngf6 6. Bd3 c5 7. Bg5 cxd4 8.
Nxd4 Be7 9. O-O Nxe4 10. Bxe7 Qxe7 11. Bxe4 Nc5 12. Bf3 O-O 13. Qe2 Rd8 14.
Rad1 Bd7 15. Qe5 f6 16. Qe3 e5 17. Bd5+ Kf8 18. Rfe1 Bg4 19. Bf3 Bxf3 20. Qxf3
Qc7 21. Nf5 Rxd1 22. Rxd1 Rd8 23. Ne3 Rxd1+ 24. Qxd1 Qd7 25. Qxd7 Nxd7 26. Kf1
Kf7 27. Ke2 Ke6 28. Kd3 g6 29. b4 1/2-1/2

[Event "SC Rochade Emsdetten 1 - SK Münster 3"]
[Site "Regionalliga Münsterland 2018"]
[Date "2019.03.02"]
[Round "7.8"]
[White "Delere, Adrian"]
[Black "Schroeder, Lennart"]
[Result "0-1"]
[WhiteElo "1829"]
[BlackElo "1818"]
[PlyCount "52"]
[EventDate "2019.??.??"]
[SourceDate "2018.09.09"]

1. e4 c5 2. Nf3 d6 3. d4 cxd4 4. Nxd4 Nf6 5. Nc3 g6 6. Be3 Bg7 7. f3 O-O 8. Qd2
Nc6 9. O-O-O d5 10. Qe1 e5 11. Nxc6 bxc6 12. exd5 Nxd5 13. Bc4 Be6 14. Bc5 Qg5+
15. Rd2 Nxc3 16. Bxe6 fxe6 17. Bxf8 Bxf8 18. bxc3 Rb8 19. Qf2 Ba3+ 20. Kd1 Rb1+
21. Ke2 Rxh1 22. Qxa7 Qxg2+ 23. Kd3 Qxf3+ 24. Kc4 Qf4+ 25. Kd3 e4+ 26. Kc4 Qxd2
0-1

[Event "SG Turm Raesfeld/Erle 1 - SC Steinfurt "]
[Site "Regionalliga Münsterland 2018"]
[Date "2019.03.02"]
[Round "7.2"]
[White "Greifenberg, Daniel"]
[Black "Graelken, Matthias"]
[Result "0-1"]
[WhiteElo "2051"]
[BlackElo "2023"]
[PlyCount "58"]
[EventDate "2019.??.??"]
[SourceDate "2018.09.09"]

1. d4 Nf6 2. c4 c5 3. d5 b5 4. cxb5 a6 5. e3 g6 6. Nc3 Bg7 7. a4 O-O 8. Nf3 Bb7
9. e4 e6 10. Be2 axb5 11. Bxb5 exd5 12. exd5 Qe8+ 13. Kf1 Na6 14. Be3 Rc8 15.
Qb3 Ne4 16. Re1 f5 17. Bc4 Nb4 18. Nxe4 fxe4 19. Ng5 Qe5 20. Bc1 Qf5 21. Be3 h6
22. Nh3 g5 23. Bxc5 Rxc5 24. Qxb4 Rxc4 25. Qxc4 g4 26. Qe2 gxh3 27. b4 Bxd5 28.
Rc1 hxg2+ 29. Kxg2 e3+ 0-1

[Event "SG Turm Raesfeld/Erle 1 - SC Steinfurt "]
[Site "Regionalliga Münsterland 2018"]
[Date "2019.03.02"]
[Round "7.3"]
[White "Arning, Marcus"]
[Black "Gesing, Felix"]
[Result "1/2-1/2"]
[WhiteElo "1903"]
[BlackElo "1985"]
[PlyCount "39"]
[EventDate "2019.??.??"]
[SourceDate "2018.09.09"]

1. d4 Nf6 2. Nf3 c5 3. e3 g6 4. Be2 Bg7 5. O-O b6 6. b3 O-O 7. Bb2 Bb7 8. Re1
d5 9. Na3 Nc6 10. c4 Ne4 11. Qb1 e6 12. Bf1 Qf6 13. cxd5 exd5 14. Nc4 cxd4 15.
exd4 Nxf2 16. Nce5 Nxe5 17. dxe5 Nh3+ 18. Kh1 Nf2+ 19. Kg1 Nh3+ 20. Kh1 1/2-1/2

[Event "SG Turm Raesfeld/Erle 1 - SC Steinfurt "]
[Site "Regionalliga Münsterland 2018"]
[Date "2019.03.02"]
[Round "7.4"]
[White "Borutta, Niklas"]
[Black "Janning, Rainer"]
[Result "1/2-1/2"]
[WhiteElo "2036"]
[BlackElo "1876"]
[PlyCount "113"]
[EventDate "2019.??.??"]
[SourceDate "2018.09.09"]

1. d4 d5 2. Nf3 c6 3. c4 e6 4. g3 f5 5. Bg2 Nf6 6. O-O Bd6 7. b3 O-O 8. Ba3
Bxa3 9. Nxa3 Nbd7 10. Nc2 Ne4 11. Nce1 Qe8 12. Nd3 Qh5 13. e3 g5 14. Nde5 g4
15. Nxd7 Bxd7 16. Ne5 Be8 17. h4 Nf6 18. b4 Nd7 19. Nxd7 Bxd7 20. b5 Qf7 21.
bxc6 bxc6 22. Qc2 Rfb8 23. Rab1 Qf8 24. c5 Qc8 25. Qa4 Qc7 26. Rb3 Kf7 27. Rfb1
Ke7 28. Bf1 Rxb3 29. Qxb3 Bc8 30. Bd3 Kd7 31. Kf1 Qa5 32. Ke2 Ba6 33. Bxa6
Qxa6+ 34. Kd2 Kc7 35. a3 Re8 36. Qb4 Rc8 37. Rb2 Re8 38. Kc3 Rc8 39. Rb1 Re8
40. Kd2 Rc8 41. Ke1 Re8 42. Qb2 Rc8 43. f3 Qd3 44. Kf2 Kd7 45. fxg4 fxg4 46.
Kg2 Qe4+ 47. Kh2 Qf3 48. Qc2 Qf5 49. Qxf5 exf5 50. Kg2 Kc7 51. Rf1 Rf8 52. Kf2
Kb7 53. Ke2 Ka6 54. Rb1 Rf7 55. Rb4 Rb7 56. Ra4+ Kb5 57. Rb4+ 1/2-1/2

[Event "SG Turm Raesfeld/Erle 1 - SC Steinfurt "]
[Site "Regionalliga Münsterland 2018"]
[Date "2019.03.02"]
[Round "7.5"]
[White "Schulz, Joachim"]
[Black "Bergemann, Martin"]
[Result "1/2-1/2"]
[WhiteElo "1877"]
[BlackElo "1926"]
[PlyCount "42"]
[EventDate "2019.??.??"]
[SourceDate "2018.09.09"]

1. Nf3 c5 2. e4 a6 3. d3 e6 4. g3 d5 5. Nbd2 dxe4 6. Nxe4 Nf6 7. Be3 Nbd7 8.
Bg2 Be7 9. O-O O-O 10. Qe2 Nxe4 11. dxe4 b5 12. Rad1 Qc7 13. Bf4 e5 14. Bg5
Bxg5 15. Nxg5 Nf6 16. Nf3 Bg4 17. h3 Bxf3 18. Bxf3 Rfd8 19. a3 Rxd1 20. Rxd1
Rd8 21. Qe3 Rxd1+ 1/2-1/2

[Event "SG Turm Raesfeld/Erle 1 - SC Steinfurt "]
[Site "Regionalliga Münsterland 2018"]
[Date "2019.03.02"]
[Round "7.6"]
[White "Broemmel, Rudolf"]
[Black "Wild, Helmut"]
[Result "1-0"]
[WhiteElo "1906"]
[BlackElo "1819"]
[PlyCount "51"]
[EventDate "2019.??.??"]
[SourceDate "2018.09.09"]

1. d4 d5 2. Bg5 f6 3. Bh4 c5 4. Nc3 Nc6 5. e3 Bf5 6. Bd3 Bxd3 7. Qxd3 e6 8.
Nge2 Nh6 9. Bg3 Nf5 10. dxc5 Bxc5 11. e4 dxe4 12. Qxe4 Kf7 13. O-O a6 14. Rad1
Qe7 15. a3 Rad8 16. Qc4 b5 17. Qe4 Ncd4 18. Nxd4 Rxd4 19. Qc6 Qa7 20. Rde1 e5
21. Ne4 Rc4 22. Qd5+ Kg6 23. c3 Bb6 24. Bxe5 Rd8 25. Qe6 Rc6 26. Qxc6 1-0

[Event "SG Turm Raesfeld/Erle 1 - SC Steinfurt "]
[Site "Regionalliga Münsterland 2018"]
[Date "2019.03.02"]
[Round "7.7"]
[White "Raue, Thorsten"]
[Black "Boelker, Franz"]
[Result "1/2-1/2"]
[WhiteElo "1792"]
[BlackElo "1785"]
[PlyCount "36"]
[EventDate "2019.??.??"]
[SourceDate "2018.09.09"]

1. b4 c6 2. e3 a5 3. b5 cxb5 4. Bxb5 Nf6 5. Nf3 e6 6. O-O Be7 7. Ba3 O-O 8.
Bxe7 Qxe7 9. d4 b6 10. Nbd2 d5 11. c4 Nbd7 12. Qb3 Bb7 13. Rfc1 Rfc8 14. Rc2
dxc4 15. Bxc4 Ne4 16. Rac1 Nxd2 17. Nxd2 Qg5 18. g3 Qd8 1/2-1/2

[Event "SG Turm Raesfeld/Erle 1 - SC Steinfurt "]
[Site "Regionalliga Münsterland 2018"]
[Date "2019.03.02"]
[Round "7.8"]
[White "Broemmel, Chris"]
[Black "Freitag, Michael"]
[Result "1-0"]
[WhiteElo "1797"]
[BlackElo "1712"]
[PlyCount "49"]
[EventDate "2019.??.??"]
[SourceDate "2018.09.09"]

1. e4 g6 2. d4 Bg7 3. Nf3 e6 4. Bd3 c5 5. c3 Qa5 6. O-O cxd4 7. cxd4 Nc6 8. e5
Nge7 9. Nc3 a6 10. Ne4 O-O 11. Bg5 Nd5 12. Bc4 Nce7 13. Nf6+ Kh8 14. Qd3 b5 15.
Bb3 Qb6 16. Nd2 Bxf6 17. exf6 Ng8 18. Ne4 Bb7 19. Qd2 Nc7 20. Bh6 Nxf6 21. Nxf6
Rfd8 22. Qf4 e5 23. Qxe5 Qc6 24. d5 Nxd5 25. Bxd5 1-0

[Event "SK Bocholt 1 - SF Olfen 1"]
[Site "Regionalliga Münsterland 2018"]
[Date "2019.03.02"]
[Round "7.1"]
[White "Koke, Christoph"]
[Black "Fuest, Martin"]
[Result "1/2-1/2"]
[WhiteElo "2078"]
[BlackElo "2122"]
[PlyCount "56"]
[EventDate "2019.??.??"]
[SourceDate "2018.09.09"]

1. d4 d5 2. c4 e6 3. Nc3 Nf6 4. cxd5 Nxd5 5. Nf3 c5 6. e4 Nxc3 7. bxc3 cxd4 8.
cxd4 Bb4+ 9. Bd2 Bxd2+ 10. Qxd2 O-O 11. Bc4 Nc6 12. O-O b6 13. Rad1 Bb7 14. Qf4
Na5 15. Bd3 Qf6 16. Qe3 Qe7 17. Ne5 Rac8 18. f4 f6 19. Nf3 Rc3 20. g4 Ba6 21.
Qe2 Rxd3 22. Rxd3 Rc8 23. Qd1 Qc7 24. e5 Bxd3 25. Qxd3 Qc2 26. Qxc2 Rxc2 27.
Rf2 Rc1+ 28. Kg2 Nc4 1/2-1/2

[Event "SK Bocholt 1 - SF Olfen 1"]
[Site "Regionalliga Münsterland 2018"]
[Date "2019.03.02"]
[Round "7.3"]
[White "Beutelhoff, Josef"]
[Black "Hunhoff, Sebastian"]
[Result "1/2-1/2"]
[WhiteElo "1971"]
[BlackElo "1936"]
[PlyCount "49"]
[EventDate "2019.??.??"]
[SourceDate "2018.09.09"]

1. d4 Nf6 2. c4 e5 3. dxe5 Ng4 4. Nf3 Nc6 5. Nc3 Ngxe5 6. e3 Be7 7. Be2 O-O 8.
O-O d6 9. b3 b6 10. Bb2 Bb7 11. Nd5 Re8 12. Nd2 Nd7 13. Bd3 Nce5 14. Bc2 Nf6
15. Ne4 Ned7 16. Qd3 g6 17. Qd4 Bxd5 18. cxd5 h6 19. f4 Kh7 20. g4 Rg8 21. Nf2
Ne8 22. Qd2 Bf6 23. Bd4 Bxd4 24. Qxd4 a5 25. e4 1/2-1/2

[Event "SK Bocholt 1 - SF Olfen 1"]
[Site "Regionalliga Münsterland 2018"]
[Date "2019.03.02"]
[Round "7.5"]
[White "Preuss, Richard"]
[Black "Steiner, Karl"]
[Result "1-0"]
[WhiteElo "1764"]
[BlackElo "1892"]
[PlyCount "55"]
[EventDate "2019.??.??"]
[SourceDate "2018.09.09"]

1. e4 d6 2. Nf3 Nf6 3. Nc3 g6 4. d4 Bg7 5. Be3 Ng4 6. Qd2 Nxe3 7. Qxe3 h5 8.
Bc4 Nd7 9. Ng5 O-O 10. Bxf7+ Rxf7 11. Ne6 Qe8 12. Nxc7 Qd8 13. Nxa8 Nf6 14. f3
Ne8 15. O-O-O Bd7 16. e5 e6 17. exd6 Qxa8 18. Ne4 b6 19. Qg5 Kh7 20. Qg3 Bh6+
21. Kb1 Bf4 22. Qh4 Nxd6 23. Nf6+ Kg7 24. Nxd7 g5 25. Qxh5 Rxd7 26. g3 Be3 27.
Rhe1 Nc4 28. Rxe3 1-0

[Event "SK Bocholt 1 - SF Olfen 1"]
[Site "Regionalliga Münsterland 2018"]
[Date "2019.03.02"]
[Round "7.6"]
[White "Hunhoff, Andreas"]
[Black "Boenigk, Winfried"]
[Result "1/2-1/2"]
[WhiteElo "1793"]
[BlackElo "1765"]
[PlyCount "23"]
[EventDate "2019.??.??"]
[SourceDate "2018.09.09"]

1. f4 d5 2. Nf3 Nf6 3. e3 c5 4. d3 Nc6 5. Be2 e6 6. O-O Bd6 7. Nc3 a6 8. Qe1
O-O 9. Qh4 d4 10. Ne4 Nxe4 11. Qxd8 Rxd8 12. dxe4 1/2-1/2

[Event "SK Bocholt 1 - SF Olfen 1"]
[Site "Regionalliga Münsterland 2018"]
[Date "2019.03.02"]
[Round "7.7"]
[White "Heimann, Karsten"]
[Black "Burike, Christian"]
[Result "1/2-1/2"]
[WhiteElo "1654"]
[BlackElo "1677"]
[PlyCount "46"]
[EventDate "2019.??.??"]
[SourceDate "2018.09.09"]

1. e4 e6 2. d4 d5 3. exd5 exd5 4. Bd3 Bd6 5. Nf3 Ne7 6. O-O Bf5 7. Re1 O-O 8.
Bg5 f6 9. Bxf5 Nxf5 10. Be3 Na6 11. Qd3 Qd7 12. c3 c6 13. Nbd2 Rfe8 14. Nf1 Re7
15. Bd2 Rae8 16. Ne3 Nxe3 17. Rxe3 Rxe3 18. Bxe3 Nc7 19. b3 Qg4 20. c4 b6 21.
h3 Qd7 22. Rd1 a5 23. Qc2 Kh8 1/2-1/2

[Event "SK Bocholt 1 - SF Olfen 1"]
[Site "Regionalliga Münsterland 2018"]
[Date "2019.03.02"]
[Round "7.8"]
[White "Wuestnienhaus, Andreas"]
[Black "Limberg, Johannes"]
[Result "1-0"]
[WhiteElo "1843"]
[BlackElo "1615"]
[PlyCount "43"]
[EventDate "2019.??.??"]
[SourceDate "2018.09.09"]

1. d4 d5 2. c4 Nf6 3. cxd5 Qxd5 4. Nc3 Qa5 5. f3 e6 6. e4 Bb4 7. Bd2 O-O 8. a3
Bxc3 9. bxc3 c6 10. e5 Nfd7 11. Bd3 c5 12. Ne2 Nc6 13. O-O cxd4 14. cxd4 Qd8
15. Be4 f6 16. Qc2 fxe5 17. Bxc6 bxc6 18. Qxc6 Nb6 19. Bb4 Rf7 20. dxe5 Ba6 21.
Rfd1 Qg5 22. f4 1-0

[Event "SK Münster 2 - SC Gronau 1"]
[Site "Regionalliga Münsterland 2018"]
[Date "2019.03.02"]
[Round "7.1"]
[White "Buendgen, Achim"]
[Black "Wieder, Heiner"]
[Result "0-1"]
[WhiteElo "2114"]
[BlackElo "2089"]
[PlyCount "96"]
[EventDate "2019.??.??"]
[SourceDate "2018.09.09"]

1. d4 f5 2. Bg5 g6 3. e3 Bg7 4. Nd2 d6 5. Bc4 Nf6 6. c3 Nc6 7. Qb3 Na5 8. Qa4+
c6 9. Bd3 b5 10. Qc2 Be6 11. e4 fxe4 12. Nxe4 Bc4 13. Ne2 O-O 14. O-O Qd7 15.
Rfe1 Rae8 16. Nxf6+ exf6 17. Bh4 Bxd3 18. Qxd3 d5 19. a4 bxa4 20. Rxa4 Nc4 21.
Ra2 Nd6 22. f3 Bh6 23. Bf2 Rf7 24. Rea1 Qe6 25. Ng3 Rb7 26. b4 Qf7 27. Ra6 Rc7
28. Nf1 f5 29. Nd2 Bxd2 30. Qxd2 f4 31. Re1 g5 32. Rxe8+ Qxe8 33. h4 h6 34. g3
Rf7 35. Qd3 Kg7 36. h5 Rc7 37. gxf4 gxf4 38. Qd2 Qf7 39. Kg2 Qf5 40. Ra1 Nc4
41. Qe2 Qg5+ 42. Kf1 Re7 43. Qd3 Qxh5 44. Kg2 Kh8 45. Rg1 Rg7+ 46. Kf1 Qh3+ 47.
Ke2 Re7+ 48. Kd1 Nb2+ 0-1